=LDR 00000nam 2200000 4500 =001 NUTBA000000000002439 =005 20140616155019.0 =006 =007 =008 =020 ##$$a 979-1211-20-5 =035 ##$$a 0010-061400000000382 =040 ##$$a NBPDMAT =082 ##$$a 636.5 =090 ##$$a 636.5 $b Sup k =100 ##$$a Suparman =245 ##$$a Kiat mencegah penurunan produksi telur / $c Suparman =260 ##$$a Jakarta : $b Azka Press, $c 2006 =300 ##$$a iv, 52 hlm. : $b ilus. ; $c 21 cm. =500 ##$$a Bibliografi : hlm. 51 =650 ##$$a Telur =850 ##$$a NBPDMAT =990 ##$$a 21401812